Online Catalogue and eLibrary

Tamil Culture in Ceylon : (Record no. 509)

MARC details
000 -LEADER
fixed length control field 00420nam a22001577a 4500
005 - DATE AND TIME OF LATEST TRANSACTION
control field 20240227065819.0
008 - FIXED-LENGTH DATA ELEMENTS--GENERAL INFORMATION
fixed length control field 240227b |||||||| |||| 00| 0 eng d
082 ## - DDC Classification
DDC Edition Number 22
Class No. 323.
Item Number - Author Mark TAM.
100 ## - MAIN ENTRY--PERSONAL NAME
Personal name Raghavan, M.D
245 ## - TITLE STATEMENT
Title Tamil Culture in Ceylon :
Remainder of title A General introduction /
Statement of responsibility, etc. M.D. Raghavan
260 ## - PUBLICATION, DISTRIBUTION, ETC.
Place of publication, distribution, etc. Colombo ;
Name of publisher, distributor, etc. Kalai Nilayam Limited /
300 ## - PHYSICAL DESCRIPTION
Extent (e.g. Volumes, Pages etc.) 316 p.,
650 ## - SUBJECT ADDED ENTRY--TOPICAL TERM
Topical term or geographic name entry element Racial.
650 ## - SUBJECT ADDED ENTRY--TOPICAL TERM
Topical term or geographic name entry element Cultural.
942 ## - Koha item type (Biblio)
Koha item type Books in Stacks (Lending)
Holdings
Lost status Damaged status Collection code Home library Current library Date acquired Full call number Accession Number Item type
    Lending WERC Library WERC Library 02/27/2024 323. TAM. 6708 Books in Stacks (Lending)

© WERC Library